La famille dans les titres de films - Statistiques

Statistiques générales
  • Ce quiz a été pris 168 fois
  • Le résultat moyen est 7 sur 14
Statistiques - réponses
Par images Réponse % Correct
Maman, j'ai raté l'avion
98%
Les trois frères
84%
Frère des ours
81%
Deux frères
57%
Papy fait de la résistance
57%
Chérie, j'ai retréci les gosses
54%
Les Tontons flingueurs
51%
Tatie Danielle
51%
La Gloire de mon père
49%
Les filles du docteur March
44%
Les Fils de l'Homme
18%
Les frères Sisters
10%
La fille du puisatier
9%
Tout sur ma mère
4%
Aucun quiz correspondant
Distribution des résultats
% des personnes avec chaque résultat
Percentile par nombre de réponses
Votre historique - résultats
Vous n’avez pas pris ce quiz